[Event "V4Liptov2018"]
[Site "?"]
[Date "2018.06.24"]
[Round "3.31"]
[White "Ciglian, Michal"]
[Black "Vorobieva, Varvara"]
[Result "1/2-1/2"]
[BlackElo "1604"]
[WhiteElo "1518"]
[LiveChessVersion "1.4.8"]

1. d4 {[%clk 1:00:54]} d5 {[%clk 1:00:51]} 2. c4 {[%clk 1:01:19]} e6
{[%clk 1:01:18]} 3. Nc3 {[%clk 1:01:30]} Nf6 {[%clk 1:01:42]} 4. Nf3
{[%clk 1:01:20]} Be7 {[%clk 1:02:00]} 5. Bf4 {[%clk 1:01:37]} O-O
{[%clk 1:01:25]} 6. e3 {[%clk 1:01:30]} c6 {[%clk 0:59:25]} 7. cxd5
{[%clk 0:59:59]} exd5 {[%clk 0:59:46]} 8. Bd3 {[%clk 1:00:23]} Bd6
{[%clk 0:51:03]} 9. Bg5 {[%clk 0:59:44]} Be7 {[%clk 0:51:19]} 10. Qc2
{[%clk 0:59:44]} Nbd7 {[%clk 0:51:20]} 11. O-O {[%clk 1:00:02]} Re8
{[%clk 0:51:42]} 12. Ne5 {[%clk 0:59:53]} Nf8 {[%clk 0:50:48]} 13. f4
{[%clk 0:59:15]} N6d7 {[%clk 0:46:02]} 14. Nf3 {[%clk 0:56:09]} Nf6
{[%clk 0:35:59]} 15. h3 {[%clk 0:52:41]} h6 {[%clk 0:29:25]} 16. Bh4
{[%clk 0:51:18]} Ne4 {[%clk 0:29:37]} 17. Bxe7 {[%clk 0:50:12]} Qxe7
{[%clk 0:29:59]} 18. Bxe4 {[%clk 0:50:37]} dxe4 {[%clk 0:30:06]} 19. Nd2
{[%clk 0:50:59]} f5 {[%clk 0:28:49]} 20. Kh2 {[%clk 0:50:56]} Be6
{[%clk 0:27:26]} 21. Rg1 {[%clk 0:48:40]} Rad8 {[%clk 0:26:18]} 22. g3
{[%clk 0:45:26]} Kh8 {[%clk 0:24:46]} 23. Rg2 {[%clk 0:45:17]} Nh7
{[%clk 0:15:32]} 24. Nb3 {[%clk 0:40:33]} b6 {[%clk 0:13:28]} 25. Rd1
{[%clk 0:39:37]} Rd6 {[%clk 0:11:45]} 26. Rgd2 {[%clk 0:38:41]} Nf6
{[%clk 0:11:07]} 27. Kg2 {[%clk 0:36:53]} Red8 {[%clk 0:07:43]} 28. Nc1
{[%clk 0:32:08]} Nd5 {[%clk 0:06:26]} 29. Nxd5 {[%clk 0:32:15]} Bxd5
{[%clk 0:06:07]} 30. Nb3 {[%clk 0:31:21]} Rg6 {[%clk 0:06:26]} 31. Kh2
{[%clk 0:31:22]} Rgd6 {[%clk 0:06:27]} 32. Rg1 {[%clk 0:31:12]} Rg6
{[%clk 0:06:42]} 33. Rdg2 {[%clk 0:30:46]} Qf7 {[%clk 0:04:44]} 34. Nc1
{[%clk 0:30:20]} Rdd6 {[%clk 0:04:24]} 35. a3 {[%clk 0:30:03]} Be6
{[%clk 0:03:23]} 36. Qc3 {[%clk 0:29:55]} Qe7 {[%clk 0:03:16]} 37. Qb4
{[%clk 0:29:44]} Bd7 {[%clk 0:02:01]} 38. Ne2 {[%clk 0:29:48]} Qf6
{[%clk 0:01:56]} 39. Qa4 {[%clk 0:29:49]} a5 {[%clk 0:01:23]} 40. Qb3
{[%clk 0:30:06]} b5 {[%clk 0:01:45]} 41. Qc3 {[%clk 0:30:27]} Qd8
{[%clk 0:01:49]} 42. Nc1 {[%clk 0:29:30]} a4 {[%clk 0:02:03]} 43. Na2
{[%clk 0:29:46]} Be6 {[%clk 0:01:49]} 44. Nb4 {[%clk 0:30:07]} Qd7
{[%clk 0:01:58]} 45. Na6 {[%clk 0:30:07]} Qd8 {[%clk 0:01:43]} 46. Nc5
{[%clk 0:30:10]} Bc8 {[%clk 0:01:59]} 47. Qb4 {[%clk 0:30:01]} 1/2-1/2

[Event "V4Liptov2018"]
[Site "?"]
[Date "2018.06.24"]
[Round "3.32"]
[White "Usarova, Evita"]
[Black "Subjakova, Kristina"]
[Result "1/2-1/2"]
[BlackElo "1526"]
[WhiteElo "1589"]
[LiveChessVersion "1.4.8"]

1. e4 {[%clk 1:00:56]} e5 {[%clk 1:00:57]} 2. Nf3 {[%clk 1:01:21]} Nc6
{[%clk 1:01:23]} 3. d4 {[%clk 1:01:45]} exd4 {[%clk 1:01:49]} 4. Bc4 Be7
{[%clk 1:02:09]} 5. O-O {[%clk 1:02:09]} Nf6 {[%clk 1:02:31]} 6. e5
{[%clk 1:01:26]} Ng8 {[%clk 1:02:47]} 7. Bf4 {[%clk 0:34:14]} d6 {[%clk 0:58:22]}
8. Re1 {[%clk 0:33:25]} Bg4 {[%clk 0:55:27]} 9. exd6 {[%clk 0:32:04]} cxd6
{[%clk 0:55:45]} 10. c3 {[%clk 0:22:55]} d5 {[%clk 0:52:00]} 11. Bb3
{[%clk 0:20:36]} Nf6 {[%clk 0:49:05]} 12. Qd3 {[%clk 0:16:09]} Bxf3
{[%clk 0:48:32]} 13. Qxf3 {[%clk 0:15:12]} O-O {[%clk 0:48:25]} 14. Qd3
{[%clk 0:11:14]} dxc3 {[%clk 0:44:46]} 15. Nxc3 {[%clk 0:11:36]} Bb4
{[%clk 0:44:31]} 16. Red1 {[%clk 0:11:03]} Bxc3 {[%clk 0:44:11]} 17. Qxc3
{[%clk 0:10:33]} h6 {[%clk 0:42:48]} 18. Qd3 {[%clk 0:08:38]} d4 {[%clk 0:41:43]}
19. Ba4 {[%clk 0:07:51]} Rc8 {[%clk 0:40:03]} 20. Bxc6 {[%clk 0:07:16]} Rxc6
{[%clk 0:40:27]} 21. Qxd4 {[%clk 0:07:24]} Qxd4 {[%clk 0:40:49]} 22. Rxd4
{[%clk 0:07:52]} Re8 {[%clk 0:41:02]} 23. Kf1 {[%clk 0:07:38]} Rc2
{[%clk 0:41:14]} 24. Rd2 {[%clk 0:07:36]} Rec8 {[%clk 0:41:15]} 25. Rxc2
{[%clk 0:05:37]} Rxc2 {[%clk 0:41:38]} 26. Be5 {[%clk 0:05:50]} Ng4
{[%clk 0:41:38]} 27. Bd4 {[%clk 0:04:15]} Nxh2+ {[%clk 0:42:00]} 28. Kg1
{[%clk 0:03:48]} Ng4 {[%clk 0:42:19]} 29. f3 {[%clk 0:03:47]} Nf6
{[%clk 0:42:41]} 30. Re1 {[%clk 0:02:53]} Rd2 {[%clk 0:41:36]} 31. Bc3
{[%clk 0:01:07]} Rd7 {[%clk 0:41:51]} 32. a3 {[%clk 0:01:05]} Nd5
{[%clk 0:40:38]} 33. Rd1 {[%clk 0:00:51]} Nb6 {[%clk 0:40:52]} 34. Re1
{[%clk 0:00:48]} Na4 {[%clk 0:41:09]} 35. Re3 {[%clk 0:00:42]} b6
{[%clk 0:40:11]} 36. Kh2 {[%clk 0:00:35]} Rd5 {[%clk 0:38:11]} 37. Re8+
{[%clk 0:00:38]} Kh7 {[%clk 0:38:20]} 38. Re7 {[%clk 0:00:37]} Nxc3
{[%clk 0:38:44]} 39. bxc3 {[%clk 0:01:03]} Ra5 {[%clk 0:39:08]} 40. Rxf7
{[%clk 0:01:19]} Rxa3 {[%clk 0:39:34]} 41. c4 {[%clk 0:01:25]} a6
{[%clk 0:39:34]} 42. Rb7 {[%clk 0:01:35]} Rb3 {[%clk 0:39:32]} 43. c5
{[%clk 0:00:57]} b5 {[%clk 0:39:19]} 44. c6 {[%clk 0:01:11]} Rc3 {[%clk 0:39:40]}
45. Rb6 {[%clk 0:01:08]} b4 {[%clk 0:39:44]} 46. Rxa6 {[%clk 0:01:18]} b3
{[%clk 0:39:30]} 47. Rb6 {[%clk 0:01:44]} b2 {[%clk 0:39:24]} 48. Rxb2
{[%clk 0:02:08]} Rxc6 {[%clk 0:39:41]} 49. Rb5 {[%clk 0:02:11]} Rg6
{[%clk 0:39:52]} 50. g4 {[%clk 0:02:08]} Rf6 {[%clk 0:40:10]} 51. Kg3
{[%clk 0:02:30]} g5 {[%clk 0:40:18]} 52. Rb7+ {[%clk 0:02:30]} Kg6
{[%clk 0:40:40]} 53. Rb5 {[%clk 0:02:40]} Rc6 {[%clk 0:40:31]} 54. Re5
{[%clk 0:02:20]} Kf6 {[%clk 0:40:47]} 1/2-1/2